000 00352nam a2200133Ia 4500
008 240624s9999 xx 000 0 und d
041 _aeng
082 _a621.381 KRE
100 _aKRESSEL HENRY
245 _aCOMPETING FOR THE FUTURE HOW DIGITAL INN
260 _c2007
_aCambridge
_bCambridge University Press
300 _a422 : p.
365 _cBPS
_b30
999 _c28102
_d28102